Countries that start with vowels - Statistics

General Stats
  • This quiz has been taken 1,069 times
    973 since last reset
  • The average score is 30 of 36
Answer Stats
Country % Correct
Oman
92%
Australia
91%
United Kingdom
91%
United States
91%
India
90%
Austria
89%
Angola
87%
Armenia
87%
Azerbaijan
87%
Indonesia
87%
Iran
86%
Iraq
86%
Uzbekistan
86%
Albania
85%
Andorra
85%
Algeria
84%
Estonia
84%
Afghanistan
83%
Ethiopia
83%
Ireland
83%
Italy
83%
Uganda
83%
Uruguay
83%
Argentina
82%
Eritrea
82%
Iceland
82%
United Arab Emirates
82%
Ecuador
80%
Antigua and Barbuda
78%
Egypt
77%
Israel
76%
Ukraine
76%
El Salvador
73%
East Timor*
71%
Equatorial Guinea
63%
Ivory Coast*
55%
No matching quizzes found
Score Distribution
Percent of People with Each Score
Percentile by Number Answered
Your Score History
You have not taken this quiz since the last reset